000 02007nam a2200253Ia 4500
003 OSt
005 20211103110826.0
008 210310s1979 ck ad fr 000 0dspa d
040 _aCO-JMCR
_cCO-JMCR
041 0 _aspa
082 0 4 _a338.98 /
_bS572e
_223
100 1 _aSierra Castro, Enrique,
_918113
_eautor
245 1 0 _aEconomía política del desarrollo :
_b¿para quién producir? /
_cEnrique Sierra Castro
250 _aPrimera edición
260 _aBogotá :
_bSociedad de Ediciones Internacionales,
_c1979
300 _a491 páginas :
_bilustraciones y gráficas a blanco y negro ;
_c21 cm.
500 _aIncluye datos biográficos del autor y notas a pie de página.
505 0 _aAspectos materiales de la economía -- Aspectos sociales e institucionales de la economía -- Aspectos teóricos de la economía -- Aspectos organizativos e instrumentales de los sistemas económicos mixtos -- Aspectos metodológicos de la economía -- Aspectos del desarrollo económico y social
520 3 _a-Este es un texto de introducción a la Economía, que a diferencia de los demás, va más allá de la simple preocupación por esclarecer los fundamentos teóricos propios de esta disciplina, para convertir la experiencia latinoamericana, su problemática económica y social. en objeto de aplicación de tales fundamentos. Es, además, una introducción a los principios de la política económica, pero también una reflexión sobre su significado ideológico, social y político en el contexto latinoamericano. Esta es, pues, una obra elaborada para comprometerse con el presente y el futuro de América Latina, para mostrar el escenario, los actores y las motivaciones de la política económica que deciden la suerte de los países, propósitos que el autor, lejos de rehuir, hace explícitos desde la misma presentación.
650 1 4 _aCiencias económicas.
_918115
650 2 4 _aPolítica económica
_941395
651 4 _aAmérica Latina
_xPolítica económica
_936232
942 _2ddc
_cBK
999 _c8728
_d8728